Score 0/25 Timer 08:00
2 Plays Today
% Correct
Pocahontas
90.7%
Elf
86.2%
Ice Age
82.8%
Caddyshack
81.6%
Hairspray
70.9%
Zoolander
66.6%
The Fast and the Furious
64.7%
Die Hard
63.1%
Sully
62%
Liar Liar
55.3%
Fear and Loathing in Las Vegas
53.6%
Scott Pilgrim vs. the World
47.2%
Whiplash
45%
% Correct
Elysium
42.1%
Easy Rider
40.9%
American Gangster
35.3%
Charlie's Angels
27.3%
Gangs of New York
26.9%
Hot Tub Time Machine
21.5%
Jackie Brown
20%
Closer
18%
Rushmore
17.6%
Insomnia
17.1%
Adaptation.
14.3%
Michael Clayton
12.7%
Remove Ads.
Support Sporcle.
Get the best of Sporcle when you Go Orange. This ad-free experience offers more features, more stats, and more fun while also helping to support Sporcle. Thank you for becoming a member.

You're not logged in!

Compare scores with friends on all Sporcle quizzes.
OR
Log In

Show Comments

Extras

Top Quizzes Today


Score Distribution

Your Account Isn't Verified!

In order to create a playlist on Sporcle, you need to verify the email address you used during registration. Go to your Sporcle Settings to finish the process.

Report this User

Report this user for behavior that violates our Community Guidelines.

Details: